00853cam a2200241 i 450000500170000000800410001702000300005804000240008804100080011204400080012008200170012810000400014524501030018526000720028830000520036050400740041265000140048665000150050065000160051565000210053165000210055270000380057320180803170401.0160531s2016 njud b 001 0 eng  a9780691157689 (tapa dura) aDLCcDLCdCO-BoIAVH0 aeng axxu04a576.88bC12p1 aCadotte, Marc Williamd1975-eautor10aPhylogenies in ecology :ba guide to concepts and methods /cMarc W. Cadotte y T. Jonathan Davies. aPrinceton (New Jersey, EE.UU.):bPrinceton University Press,c2016. aX, 252 páginas : bgráficas ; c26 x 18 cm. aIncluye referencias bibliográficas: páginas 225- 248 e índices.26aFilogenia26aEcología26aEvolución26aFlujo genético26aHistoria natural1 aDavies, T. Jonathand1973-eautor